| 000 | 01226nam a2200181Ia 4500 | ||
|---|---|---|---|
| 008 | 220216s9999 xx 000 0 und d | ||
| 100 | _aFernando THPS | ||
| 245 | 0 | _aDevelopment of an early detection method white root disease of rubber: A preliminary investigation | |
| 260 |
_bJournal of the Rubber Reaserch Institute of Sri Lanka _c2011 |
||
| 300 | _a87-92 | ||
| 520 | _aWhite root disease is the most destructive root disease of rubber in Sri Lanka and the rubber growers are confronted with the problem of early detection of this disease. The present study was aimed at investigating the possible early detection techniques to increase the effectiveness of chemical control programmes. The artificial inoculation of the plants was faster with naturally infected root inocula than the artificially prepared inocula. Fourteen weeks after mulching, all the plants under investigation showed rhizomorph on the collar region. The rapid upward movement of the fungus in the presence of a mulch is shown to be useful for early detection of the white root disease. | ||
| 650 | _aEarly detection | ||
| 650 | _aMulching | ||
| 650 | _aWhite root disease | ||
| 700 | _aJayasinghe CK | ||
| 700 | _aSiriwardene D | ||
| 942 | _cJS | ||
| 999 |
_c56980 _d56980 |
||